000
00335nam a2200145Ia 4500
008
230718s9999 xx 000 0 und d
041
_a
Eng.
082
_a
346
_b
KHA-F
100
_a
Khakhak Muniy Ahmad
245
0
_a
finciples of Equity
260
_a
Pakistan
_b
Jafan low book
_c
2007
300
_a
311
650
_a
Law
999
_c
29265
_d
29265